| 000 | 00929nam a22001577a 4500 | ||
|---|---|---|---|
| 003 | OSt | ||
| 005 | 20151106162323.0 | ||
| 008 | 151106b xxu||||| |||| 00| 0 eng d | ||
| 040 | _cRUA | ||
| 082 | _aFOR PEN 2002 B129 Or.1 | ||
| 100 |
_93467 _aPENG, CANADA. |
||
| 245 | _aStudy on experiment of hopea odorata and sindora cochinchinensis which growth by applying organic and chemical fertilizer in nursery faculty of forestry science, ការសិក្សាពិសោធន៍ពីដំណើរការលូតលាស់របស់ប្រភេទគគីរ និងកកោះដោយប្រើប្រាស់ជីគីមី និងជីធម្មជាតិនៅថ្នាលបណ្ដុះកូនឈើមហាវិទ្យាល័យវីទ្យាសាស្ត្រព្រៃឈើ | ||
| 260 |
_aPhnom Penh _bRUA _c2002 |
||
| 300 |
_a55p. _bill. _c29cm. |
||
| 942 |
_2ddc _cFOR |
||
| 999 |
_c3237 _d3237 |
||